000 00447nam a22001577a 4500
999 _c524690
_d524690
003 NUST
038 _aMr. Zahoor
082 _a621.3
100 _aHassan Moatasam Awan
_915485
245 _aDorsal Hand Veins Based Person Identifiction /
_cHassan Moatasam Awan
260 _aIslamabad :
_bCEME - NUST,
_c2014.
300 _axvii, 68, p. : il, ;
_c30cm.
500 _aHardcover.
600 _2Computer Engineering - MS Thesis
942 _2ddc
_cTHE